U.S. States Entirely Between Canada and Mexico - Statistics

General Stats
  • This quiz has been taken 12,021 times
  • The average score is 6 of 13
Answer Stats
State % Correct
Kansas
69%
Colorado
63%
Tennessee
58%
Kentucky
57%
Oklahoma
56%
North Carolina
51%
Missouri
50%
Virginia
50%
Arkansas
48%
West Virginia
44%
Maryland
35%
Delaware
33%
New Jersey
21%
No matching quizzes found
Score Distribution
Percent of People with Each Score
Percentile by Number Answered
Your Score History
You have not taken this quiz